Retenciones con tipo de cambio flexible (Registro nro. 23083)

Detalles MARC
000 -LEADER
fixed length control field 00336 a2200109 4500
001 - CONTROL NUMBER
control field ART_55566
005 - DATE AND TIME OF LATEST TRANSACTION
control field 20260410161829.0
008 - FIXED-LENGTH DATA ELEMENTS--GENERAL INFORMATION
fixed length control field 260409a
100 1# - MAIN ENTRY--PERSONAL NAME
Personal name Beker, Víctor Alberto
245 10 - TITLE STATEMENT
Title Retenciones con tipo de cambio flexible
773 0# - HOST ITEM ENTRY
Title Estudios Económicos
Related parts - Vol. 36, Nº 73 (jul./dic. 2019)
Record control number REV5080

No hay ítems disponibles.